008100000a22002050004500090001400000245005900014650002900073650002100102650002700123650004000150651003100190651002900221653004700250041001400297100003500311942001300346773004700359999001700406952018100423 aARb0122910aNueva subespecie de Antirrhea pterocopha para Colombia14aTaxonomía animal9824514aMariposas99302514aNuevas especies99290514aBosques húmedos tropicales917491 4dRisaraldapColombia992749 4dChocópColombia992749 fMorphinaegAntirrheaeAntirrhea pterocopha0 aEspañol1 aSalazar E., Julián A.914034 cARTICULO1 tTropical Lepidoptera3311h1q1-2d1997g8 c10315d10315 001040718HEMEROTECAaBogotabBogotad2015-02-27eFerreira Miani, PaolahFuera de circulaciónl0oAR 01229p011553r2015-03-25 00:00:00t1w2015-03-25xDonaciónyARTICULO